[Event "35th European Club Cup 2019"]
[Site "Ulcinj"]
[Date "2019.11.11"]
[Round "2.36"]
[White "Piceu, Tom"]
[Black "Sychev, Klementy"]
[Result "1-0"]
[WhiteElo "2354"]
[BlackElo "2578"]
[Annotator "TA"]
[PlyCount "85"]
[EventDate "2019.11.10"]
[EventType "team-tourn"]
[EventCountry "MNE"]
[SourceTitle "playchess.com"]
[Source "ChessBase"]
[SourceQuality "1"]
[WhiteTeam "HWP Sas van Gent"]
[BlackTeam "Law & Order"]

{[%evp 18,85,0,-7,0,0,33,30,29,25,56,37,54,22,62,73,75,68,114,104,129,116,117,102,123,66,87,55,49,38,155,159,152,162,156,113,106,81,214,196,195,199,605,598,591,577,810,798,890,833,1022,724,726,697,1121,1114,1095,1012,958,826,1363,1366,1590,1538,2141,2050,2613,2522,29984,29985]} 1. d4 Nf6 2. c4 c5 3. d5 g6 4. Nc3 Bg7 5. e4 d6 6. f4 O-O 7. Nf3 e6 8. Be2 exd5 9. cxd5 Nbd7 10. O-O Re8 {A68: Modern Benoni: Four Pawns Attack without 9...Re8} 11. Nd2 Nb6 12. a4 a5 {White has an edge.} 13. h3 {[#]} Qe7 $146 {next ...Nfxd5! is good for Black.} ({Predecessor:} 13... h5 14. Qe1 Bd7 15. Qg3 Nfxd5 16. exd5 Bxc3 17. bxc3 Rxe2 18. f5 h4 {0-1 (27) Tregubov,P (2598)-Akopian,V (2675) Aix les Bains 2011}) 14. Qb3 Qd8 15. Bf3 h5 16. Nb5 Ra6 17. Ra3 Bh6 18. Nc4 Nxe4 19. Bxe4 Rxe4 20. Ncxd6 Rb4 21. Qf3 (21. Qd1 $16) 21... Nc4 $14 22. Nxc4 Rxc4 23. d6 Rc6 {[#]} (23... Bf5 $14) 24. Qe2 $1 $36 {[%mdl 2048] White has strong initiative.} Rxc1 25. Rxc1 {aiming for Qe7.} Bxf4 26. Re1 {Qe7 is the strong threat.} Be6 27. Rd3 Qb6 (27... c4 $16 {is a better defense.} 28. Rdd1 Bg3) 28. d7 $18 Qd8 29. Qf3 Bb8 $2 {[#]} (29... Bg5 30. Rdd1 Bh6) 30. Qf6 $1 {[%mdl 576] Decoy, Promotion} Qxf6 31. d8=Q+ {[%mdl 64] Double Attack} Kg7 32. Qxb8 Qxb2 33. Qxb7 Qb4 34. Ree3 c4 35. Qxc6 Qb1+ 36. Kh2 {And now Rd8 would win.} cxd3 37. Qc3+ Kh7 38. Qxd3 Qa2 39. Nc3 Qb3 40. Qb5 Qc2 41. Qxa5 Qd2 42. Qe5 Bc4 {[#]} 43. Ne4 $1 {[%mdl 512] Accuracy: White = 74%, Black = 36%.} 1-0

[Event "35th European Club Cup 2019"]
[Site "Ulcinj"]
[Date "2019.11.12"]
[Round "3.1"]
[White "Indjic, Aleksandar"]
[Black "Dreev, Aleksey"]
[Result "1/2-1/2"]
[WhiteElo "2646"]
[BlackElo "2671"]
[Annotator "TA"]
[PlyCount "60"]
[EventDate "2019.11.10"]
[EventType "team-tourn"]
[EventCountry "MNE"]
[SourceTitle "playchess.com"]
[Source "ChessBase"]
[SourceQuality "1"]
[WhiteTeam "Itaka"]
[BlackTeam "Moscow Chess Team"]

{[%evp 9,60,0,9,0,2,8,10,-15,-10,-20,-15,-12,-6,-20,-7,-12,8,0,12,4,16,0,0,1,0,0,13,7,12,10,18,0,0,0,0,0,0,0,0,0,0,0,0,0,0,0,0,0,0,0,0,0,0]} 1. e4 c6 2. Nf3 d5 3. d3 dxe4 4. dxe4 Qxd1+ 5. Kxd1 Nd7 {The position is equal.} (5... Nf6 6. Nfd2 Ng4 7. Ke1 e5 8. Nc4 b5 9. Ne3 Bc5 10. Nxg4 Bxg4 11. a4 b4 12. a5 {1-0 (41) Giri,A (2779)-Nepomniachtchi,I (2774) Amsterdam 2019}) 6. Bf4 $146 {B10: Caro-Kann: 2 d3 and 2 c4} ({Predecessor:} 6. Nfd2 e5 7. f3 Bd6 8. a4 Ngf6 9. c3 O-O 10. Kc2 Bc7 11. Nb3 Rd8 12. Na3 {1-0 (38) Theodorou,N (2551)-Shimanov,A (2613) chess.com INT 2019}) 6... f6 7. Nfd2 e5 8. Be3 (8. Bg3 {is interesting.} Be7 9. a4 Nh6 10. f3 Nc5 11. c3) 8... Bc5 9. Ke2 Bxe3 10. Kxe3 Nh6 11. a4 a5 12. Nc4 Ke7 13. Nbd2 b6 14. Be2 Ba6 15. Rhd1 Rhb8 16. g3 Nf7 17. f4 Ra7 18. c3 Bxc4 19. Nxc4 Nc5 20. Bg4 exf4+ 21. gxf4 Kf8 22. b4 axb4 23. cxb4 Nxa4 24. Rd7 Rxd7 25. Bxd7 Nd8 $1 26. Bxc6 Nxc6 27. b5 Na7 28. Rxa4 Nxb5 29. Rb4 Nc7 30. Nxb6 {[#] And now Nd7+ would win.} Ke8 {Accuracy: White = 62%, Black = 49%.} 1/2-1/2

[Event "35th European Club Cup 2019"]
[Site "Ulcinj"]
[Date "2019.11.12"]
[Round "3.1"]
[White "Edouard, Romain"]
[Black "Skytte, Rasmus"]
[Result "1-0"]
[WhiteElo "2635"]
[BlackElo "2373"]
[Annotator "TA"]
[PlyCount "75"]
[EventDate "2019.11.10"]
[EventType "team-tourn"]
[EventCountry "MNE"]
[SourceTitle "playchess.com"]
[Source "ChessBase"]
[SourceQuality "1"]
[WhiteTeam "KGSRL Gent"]
[BlackTeam "Aarhus Skolerne"]

{[%evp 12,75,45,37,37,35,35,33,41,41,58,41,41,41,41,41,44,37,41,34,35,33,45,43,53,39,46,16,21,25,54,52,99,107,100,87,142,151,172,160,160,155,168,167,145,143,219,219,206,202,193,156,159,182,172,179,181,181,351,214,326,337,312,287,504,508]} 1. e4 e6 2. d4 d5 3. Nc3 Bb4 4. e5 b6 5. Qg4 Bf8 6. Bg5 Qd7 7. O-O-O Ba6 {C16: French: 3 Nc3 Bb4 4 e5: Lines without ...c5} (7... Ne7 8. Bxe7 h5 9. Qh3 Bxe7 10. f4 Ba6 11. Nf3 Bxf1 12. Rhxf1 Nc6 13. Ng5 Bxg5 14. fxg5 O-O-O 15. Rf4 {1-0 (52) Yu,Y (2721)-Lenderman,A (2623) Las Vegas 2015}) 8. Bxa6 Nxa6 9. f4 g6 {White is slightly better.} 10. Qe2 Nb4 11. Nf3 Be7 12. g4 O-O-O $146 ({Predecessor:} 12... h6 13. Bh4 O-O-O 14. Rhf1 Kb7 15. a3 {0-1 (58) Sharfina,J (1868)-Fisabilillah,U (2226) Surakarta 2019}) 13. Kb1 Kb8 14. Qf2 Nc6 {[%cal Bb4c6,Bc6a5,Ba5c4,Bc4a3][%mdl 32]} 15. Bh4 h6 16. h3 Na5 17. Bg3 Kb7 18. Rhf1 Nc4 19. b3 Na3+ 20. Kb2 Qc6 21. Bh4 $36 {[%mdl 2048] White has good play.} Nb5 22. Nxb5 Qxb5 23. f5 Qa5 (23... gxf5 $142 24. gxf5 exf5) 24. a4 $16 g5 {[#]} 25. Bg3 $1 ({Much less strong is} 25. f6 $6 Bb4 $14) 25... Bb4 26. Qe3 exf5 27. gxf5 Ne7 28. Qd3 Nc6 (28... Qa6 $16 {is a better defense.}) 29. c3 $18 Bf8 30. b4 Bxb4 31. cxb4 Qxa4 {[#]} 32. Be1 $1 {Strongly threatening Ra1.} Nxb4 33. Bxb4 Qxb4+ 34. Qb3 a5 $2 (34... Qxb3+ {keeps fighting.} 35. Kxb3 a5) 35. e6 {Qxb4 is the strong threat.} f6 (35... Qxb3+ $142 36. Kxb3 f6) 36. Qxb4 axb4 37. Ne1 c5 $2 (37... Kc6 {was worth a try.} 38. Rc1+ Kd6) 38. Nd3 {Accuracy: White = 76%, Black = 52%.} 1-0

[Event "35th European Club Cup 2019"]
[Site "Ulcinj"]
[Date "2019.11.12"]
[Round "3.2"]
[White "Zvjaginsev, Vadim"]
[Black "Ivic, Velimir"]
[Result "1/2-1/2"]
[WhiteElo "2626"]
[BlackElo "2531"]
[Annotator "TA"]
[PlyCount "79"]
[EventDate "2019.11.10"]
[EventType "team-tourn"]
[EventCountry "MNE"]
[SourceTitle "playchess.com"]
[Source "ChessBase"]
[SourceQuality "1"]
[WhiteTeam "Moscow Chess Team"]
[BlackTeam "Itaka"]

{[%evp 11,79,13,16,0,2,6,37,22,34,14,14,18,24,15,22,25,26,18,20,11,5,12,60,14,14,14,14,14,14,14,15,10,13,16,16,0,6,0,0,0,0,0,0,0,15,0,0,0,0,0,15,0,0,0,0,0,0,0,0,0,0,0,0,0,0,0,0,0,0,0]} 1. Nf3 Nf6 2. d4 g6 3. Bg5 Bg7 4. Nbd2 O-O 5. e3 d6 6. c3 c5 7. dxc5 {A48: 1 d4 Nf6 2 Nf3 g6: Torre, London and Colle Systems} (7. Bd3 Nc6 8. dxc5 dxc5 9. Qc2 Qc7 10. h3 Nd5 11. a3 Be6 12. O-O Rad8 13. Bh4 h6 14. Rad1 b6 15. Rfe1 Qc8 {0-1 (51) Indjic,A (2620)-Nepomniachtchi,I (2763) St Petersburg 2018}) 7... dxc5 8. Qc2 Be6 $146 ({Predecessor:} 8... Nc6 9. Be2 b6 10. O-O Bb7 11. Rad1 Qc7 12. Rfe1 Rad8 13. h3 Nd7 14. Bf4 Nce5 15. Nxe5 Nxe5 16. Bf1 Qc6 17. e4 Qe6 18. a4 {½-½ (18) Lechtynsky,J (2369)-Feige,M (2400) Germany 2014}) 9. Be2 {White is slightly better.} Nc6 10. O-O h6 11. Bh4 Qc8 12. Rfd1 b6 13. h3 Qb7 14. Bg3 b5 15. Ne5 Nxe5 16. Bxe5 Rfd8 17. Bxf6 Bxf6 {The position is equal.} 18. Bf3 Bd5 19. Ne4 Rac8 $1 20. a4 a6 21. axb5 axb5 22. Rxd5 Rxd5 23. Nxf6+ exf6 24. Qb3 {[%mdl 64] [#] Pin} c4 25. Bxd5 Qxd5 $11 {[%mdl 4096] Endgame KQR-KQR} 26. Qd1 Rd8 27. Qd4 Kg7 28. Ra6 Qe6 $1 29. Rxe6 Rxd4 {KR-KR} 30. Rb6 Rd1+ 31. Kh2 Rd2 {[%mdl 64] [#] Double Attack} 32. Rxb5 Rxf2 33. Kg3 Rd2 34. e4 h5 35. h4 Re2 36. Kf3 Rd2 37. g3 Rd3+ 38. Kf2 Rd2+ 39. Ke3 Rd3+ 40. Kf2 {Accuracy: White = 65%, Black = 75%.} 1/2-1/2

[Event "35th European Club Cup 2019"]
[Site "Ulcinj"]
[Date "2019.11.12"]
[Round "3.2"]
[White "Sorensen, Jan"]
[Black "Fernandez, Daniel Howard"]
[Result "0-1"]
[WhiteElo "2395"]
[BlackElo "2444"]
[Annotator "NA"]
[PlyCount "110"]
[EventDate "2019.11.10"]
[EventType "team-tourn"]
[EventCountry "MNE"]
[SourceTitle "playchess.com"]
[Source "ChessBase"]
[SourceQuality "1"]
[WhiteTeam "Aarhus Skolerne"]
[BlackTeam "KGSRL Gent"]
[TimeControl "40/5400+30:1800+30"]

1. e4 g6 2. d4 Bg7 3. Nf3 d6 4. Bc4 Nf6 5. Qe2 O-O 6. e5 Ne8 {B06: Modern Defence} 7. Nbd2 (7. h3 c5 8. dxc5 dxe5 9. Nxe5 Qd4 10. Ng4 Bxg4 11. hxg4 Qxc5 12. Be3 Qc6 13. c3 Nd6 14. Nd2 {0-1 (62) Zubov,A (2597)-Andreikin,D (2719) St Petersburg 2018}) 7... c5 8. dxc5 d5 9. Bd3 Nc7 $146 ({Predecessor:} 9... Nd7 10. O-O Nxc5 11. h3 Nxd3 12. cxd3 d4 13. Nb3 Nc7 14. Nbxd4 {½-½ (49) Arizmendi Martinez,J (2501)-Gual Pascual,A (2416) Barbera del Valles 2016}) 10. O-O Nca6 11. c3 Nxc5 12. Bc2 Bg4 13. h3 Bxf3 14. Nxf3 Qc7 15. Bf4 Ncd7 16. Bb3 e6 17. c4 dxc4 18. Bxc4 Nc6 19. Rfe1 Rfd8 20. Rac1 a6 21. b4 Nb6 22. Bb3 $11 Nd5 23. Bd2 Qb6 24. a3 Rac8 25. Qe4 Nce7 26. h4 h6 27. h5 gxh5 28. Qh4 Rxc1 29. Bxc1 Ng6 30. Qxh5 Ndf4 31. Qg4 Rd3 32. Bc2 h5 33. Qg3 Qc7 34. Bxf4 Qxc2 35. Kh2 h4 36. Qg4 Qxf2 37. Rc1 Rxf3 38. Rc8+ Bf8 39. Qxf3 Qxf3 40. gxf3 Nxf4 41. Rb8 b5 42. Ra8 Nd3 43. Rxa6 Nxe5 44. Rb6 Nxf3+ 45. Kh3 Nd4 46. Kxh4 Bh6 47. Kh5 Kg7 48. Rd6 Be3 49. Rd7 e5 50. Rc7 Kf6 51. Rc3 Bd2 52. Rd3 Bf4 53. a4 bxa4 54. Ra3 e4 55. Rxa4 e3 0-1

[Event "35th European Club Cup 2019"]
[Site "Ulcinj"]
[Date "2019.11.12"]
[Round "3.3"]
[White "Stojanovic, Mihajlo"]
[Black "Grachev, Boris"]
[Result "0-1"]
[WhiteElo "2496"]
[BlackElo "2608"]
[Annotator "ChessBase"]
[PlyCount "64"]
[EventDate "2019.11.10"]
[EventType "team-tourn"]
[EventCountry "MNE"]
[SourceTitle "playchess.com"]
[Source "ChessBase"]
[SourceQuality "1"]
[WhiteTeam "Itaka"]
[BlackTeam "Moscow Chess Team"]
[TimeControl "40/5400+30:1800+30"]

1. d4 {[%emt 0:00:00]} d5 {[%emt 0:00:00]} 2. c4 {[%emt 0:00:00]} e6 {[%emt 0:00:00]} 3. Nc3 {[%emt 0:00:00]} a6 {[%emt 0:00:00]} 4. cxd5 {[%emt 0:00:00]} exd5 {[%emt 0:00:00]} 5. Nf3 {[%emt 0:00:00]} Nf6 {[%emt 0:00:15]} 6. Bg5 {[%emt 0:00:40]} Be6 {[%emt 0:00:43]} 7. e3 {[%emt 0:00:08]} Nbd7 {[%emt 0:00:10]} 8. h3 {[%emt 0:01:16]} h6 {[%emt 0:00:12]} 9. Bf4 {[%emt 0:01:21]} Bf5 {[%emt 0:00:04]} 10. g4 {[%emt 0:10:00]} Bh7 {[%emt 0:01:53]} 11. Bg2 {[%emt 0:03:27]} c6 {[%emt 0:02:58]} 12. O-O {[%emt 0:10:48]} Be7 {[%emt 0:01:31]} 13. Ne5 {[%emt 0:06:42]} O-O {[%emt 0:01:39]} 14. Rc1 {[%emt 0:05:46]} Nb6 {[%emt 0:27:41]} 15. Bg3 {[%emt 0:09:37]} a5 {[%emt 0:09:53]} 16. f4 {[%emt 0:18:30]} Ne4 {[%emt 0:01:36]} 17. Bxe4 {[%emt 0:09:18]} Bxe4 {[%emt 0:17:36]} 18. f5 {[%emt 0:00:04]} Bd6 {[%emt 0:02:52]} 19. Bf4 {[%emt 0:06:16]} Re8 {[%emt 0:05:51]} 20. f6 {[%emt 0:14:01]} gxf6 {[%emt 0:01:47]} 21. Nxe4 {[%emt 0:01:29]} dxe4 {[%emt 0:00:28]} 22. Nc4 {[%emt 0:00:31]} Bxf4 {[%emt 0:01:30]} 23. Rxf4 {[%emt 0:00:10]} Nd5 {[%emt 0:00:11]} 24. Rf2 {[%emt 0:00:14]} b5 {[%emt 0:05:38]} 25. Nd2 {[%emt 0:00:04]} Nxe3 {[%emt 0:00:33]} 26. Qe2 {[%emt 0:00:05]} Qxd4 {[%emt 0:01:48]} 27. Nb3 {[%emt 0:00:05]} Qd3 {[%emt 0:03:04]} 28. Rxc6 {[%emt 0:00:08]} Nd1 {[%emt 0:02:25]} 29. Qxd3 {[%emt 0:02:39]} exd3 {[%emt 0:00:08]} 30. Rfxf6 {[%emt 0:00:56]} Nxb2 {[%emt 0:03:11]} 31. Rxh6 {[%emt 0:00:43]} a4 {[%emt 0:01:09]} 32. Nd2 {[%emt 0:00:15]} Nc4 {[%emt 0:00:15]} 0-1

[Event "35th European Club Cup 2019"]
[Site "Ulcinj"]
[Date "2019.11.12"]
[Round "3.3"]
[White "Ris, Robert"]
[Black "Vinter-Schou, Uffe"]
[Result "1/2-1/2"]
[WhiteElo "2454"]
[BlackElo "2361"]
[Annotator "ChessBase"]
[PlyCount "86"]
[EventDate "2019.11.10"]
[EventType "team-tourn"]
[EventCountry "MNE"]
[SourceTitle "playchess.com"]
[Source "ChessBase"]
[SourceQuality "1"]
[WhiteTeam "KGSRL Gent"]
[BlackTeam "Aarhus Skolerne"]
[TimeControl "40/5400+30:1800+30"]

1. e4 c5 2. Nf3 e6 {[%emt 0:00:00]} 3. d4 cxd4 {[%emt 0:00:01]} 4. Nxd4 {[%emt 0:00:28]} Nc6 {[%emt 0:00:13]} 5. Nc3 {[%emt 0:00:21]} Qc7 {[%emt 0:00:10]} 6. Be3 Nf6 {[%emt 0:00:30]} 7. f4 Bb4 {[%emt 0:00:30]} 8. Ndb5 Qa5 {[%emt 0:00:30]} 9. e5 Ne4 {[%emt 0:00:30]} 10. Qd3 Nxc3 {[%emt 0:00:30]} 11. bxc3 Be7 {[%emt 0:00:30]} 12. Bd2 O-O {[%emt 0:00:30]} 13. Qe3 f6 {[%emt 0:00:30]} 14. exf6 Bxf6 {[%emt 0:00:30]} 15. Bd3 d5 {[%emt 0:00:30]} 16. O-O Bd7 {[%emt 0:00:30]} 17. Rae1 a6 {[%emt 0:00:30]} 18. c4 Qd8 {[%emt 0:00:30]} 19. Qh3 g6 {[%emt 0:00:30]} 20. Nc3 e5 {[%emt 0:00:30]} 21. f5 e4 {[%emt 0:00:30]} 22. cxd5 exd3 {[%emt 0:00:30]} 23. dxc6 Bxf5 {[%emt 0:00:30]} 24. g4 Qd4+ {[%emt 0:00:30]} 25. Be3 Qxg4+ {[%emt 0:00:30]} 26. Qxg4 Bxg4 {[%emt 0:00:30]} 27. Nd5 Bh4 {[%emt 0:00:30]} 28. cxb7 Rab8 {[%emt 0:00:30]} 29. Bh6 Rxf1+ {[%emt 0:00:30]} 30. Rxf1 Bf5 {[%emt 0:00:30]} 31. cxd3 Rxb7 {[%emt 0:00:30]} 32. Ne3 Rb5 {[%emt 0:00:30]} 33. Nxf5 gxf5 {[%emt 0:00:30]} 34. Rf4 Bd8 {[%emt 0:00:30]} 35. Ra4 a5 {[%emt 0:00:30]} 36. Be3 Rb2 {[%emt 0:00:30]} 37. Rc4 Kf7 {[%emt 0:00:30]} 38. a4 Ke6 {[%emt 0:00:30]} 39. Rc6+ Kd5 {[%emt 0:00:30]} 40. Rc5+ Ke6 {[%emt 0:00:30]} 41. Rc6+ Kd5 {[%emt 0:30:30]} 42. Rc5+ Ke6 {[%emt 0:00:30]} 43. Rc6+ Kd5 {[%emt 0:00:30]} 1/2-1/2

[Event "35th European Club Cup 2019"]
[Site "Ulcinj"]
[Date "2019.11.12"]
[Round "3.4"]
[White "Popov, Ivan"]
[Black "Damjanovic, Vuk"]
[Result "1-0"]
[WhiteElo "2625"]
[BlackElo "2294"]
[Annotator "TA"]
[PlyCount "71"]
[EventDate "2019.11.10"]
[EventType "team-tourn"]
[EventCountry "MNE"]
[SourceTitle "playchess.com"]
[Source "ChessBase"]
[SourceQuality "1"]
[WhiteTeam "Moscow Chess Team"]
[BlackTeam "Itaka"]

{[%evp 10,71,59,52,49,50,41,37,25,22,13,0,12,4,10,5,11,16,25,14,31,6,22,8,0,0,55,20,19,16,12,0,0,0,0,0,0,0,-4,-139,0,-58,-16,-21,63,0,138,119,177,160,888,898,884,809,890,883,4862,4862,29971,4914,29998,29999,29999,1966]} 1. e4 d5 2. exd5 Qxd5 3. Nc3 Qd6 4. d4 Nf6 5. Nf3 c6 6. Ne5 Nbd7 {B01: Scandinavian Defence} 7. f4 (7. Nc4 Qc7 8. Qf3 Nb6 9. Bf4 Qd7 10. Nxb6 axb6 11. O-O-O Qd8 12. h3 e6 13. Bc4 Be7 14. g4 {½-½ (32) Grischuk,A (2750)-Rapport,R (2698) chess.com INT 2017}) 7... Nb6 8. g4 g6 {White is slightly better.} 9. g5 Nh5 10. Ne4 Qd8 $146 ({Predecessor:} 10... Qc7 11. Ng3 Ng7 12. Qe2 Be6 13. a4 Nd7 14. a5 Nxe5 15. dxe5 {1-0 (62) Istratescu,A (2629)-Ardelean,G (2482) Predeal 2007}) 11. c3 f6 12. Nd3 $1 Bf5 13. Bg2 Qc7 14. a4 a5 15. O-O h6 16. gxf6 exf6 17. Nec5 O-O-O (17... Bxc5 $11 18. Nxc5 O-O) 18. b4 $1 $14 {[%cal Bb2b4,Bb4b5][%mdl 32]} Nd5 19. b5 Nxc3 20. Qe1 Bxd3 $1 21. Nxd3 Bb4 $1 22. Nxb4 axb4 23. bxc6 bxc6 {White must now prevent ...Rhe8.} 24. Kh1 (24. Qe6+ $11 {was the only way to keep the balance.} Qd7 25. f5) 24... Rxd4 (24... Rhe8 $17 25. Qd2 Ng7) 25. Qf2 ({Better is} 25. Bb2 $11) 25... Rhd8 {aiming for ...f5.} 26. a5 $1 Rd1 (26... Kb8 $11) 27. a6 (27. Bf3 $1 $14) 27... Rxf1+ (27... Qd7 $11) 28. Qxf1 $16 {And now a7 would win.} Qa7 (28... Kb8 $16) 29. Bb2 Rd1 $2 (29... Nd5 $16) 30. Rxd1 $18 Nxd1 31. Qxd1 Qxa6 {[#]} 32. f5 $1 {[%mdl 512]} Qa2 (32... gxf5 33. Qxh5) 33. Bxc6 {Threatening mate with Qd7+.} Qa7 {[#]} 34. fxg6 (34. Qd6 $142 $1 Qc7 35. Qe6+ Kb8 36. fxg6 Qf4 37. Bg2 Qf2 {[#]} 38. g7 $1 {[%mdl 512]} Qxg2+ 39. Kxg2 Nxg7 40. Qe7 $1 {[%mdl 512]}) 34... Qd7 35. Qxd7+ Kb8 36. Qd8+ {Accuracy: White = 45%, Black = 42%.} (36. Qb7# $142) 1-0

[Event "35th European Club Cup 2019"]
[Site "Ulcinj"]
[Date "2019.11.12"]
[Round "3.4"]
[White "Sobjerg, Erik"]
[Black "Lemmers, Oscar"]
[Result "1-0"]
[WhiteElo "2289"]
[BlackElo "2346"]
[Annotator "NA"]
[PlyCount "73"]
[EventDate "2019.11.10"]
[EventType "team-tourn"]
[EventCountry "MNE"]
[SourceTitle "playchess.com"]
[Source "ChessBase"]
[SourceQuality "1"]
[WhiteTeam "Aarhus Skolerne"]
[BlackTeam "KGSRL Gent"]
[TimeControl "40/5400+30:1800+30"]

1. e4 c5 {[%emt 0:00:00]} 2. Nf3 {[%emt 0:00:00]} e6 {[%emt 0:00:00]} 3. Nc3 {[%emt 0:00:00]} a6 {[%emt 0:00:22]} 4. d4 {[%emt 0:00:00]} cxd4 {[%emt 0:00:13]} 5. Nxd4 {[%emt 0:00:00]} Qc7 {[%emt 0:00:37]} 6. Bd3 {[%emt 0:00:00]} Nf6 {[%emt 0:00:38]} 7. Qe2 {[%emt 0:00:01]} d6 {[%emt 0:03:00]} 8. f4 {[%emt 0:00:25]} g6 {[%emt 0:01:58]} 9. f5 {[%emt 0:01:00]} e5 {[%emt 0:03:39]} 10. Bg5 {[%emt 0:11:17]} Nbd7 {[%emt 0:02:57]} 11. Ne6 {[%emt 0:09:54]} fxe6 {[%emt 0:01:52]} 12. fxe6 {[%emt 0:00:09]} Bg7 {[%emt 0:19:11]} 13. exd7+ {[%emt 0:16:24]} Bxd7 {[%emt 0:00:17]} 14. Bc4 {[%emt 0:02:41]} Rf8 {[%emt 0:16:08]} 15. Nd5 {[%emt 0:16:06]} Nxd5 {[%emt 0:02:31]} 16. Bxd5 {[%emt 0:00:08]} h6 {[%emt 0:03:49]} 17. Be3 {[%emt 0:04:47]} h5 {[%emt 0:10:04]} 18. h3 {[%emt 0:02:15]} Bb5 {[%emt 0:08:10]} 19. Qd2 {[%emt 0:04:28]} Ba4 {[%emt 0:04:58]} 20. O-O-O {[%emt 0:05:36]} Rc8 {[%emt 0:00:21]} 21. b3 {[%emt 0:00:48]} Bc6 {[%emt 0:00:26]} 22. c4 {[%emt 0:07:20]} b5 {[%emt 0:02:09]} 23. Bxc6+ {[%emt 0:04:27]} Qxc6 {[%emt 0:00:02]} 24. Qxd6 {[%emt 0:00:15]} bxc4 {[%emt 0:00:29]} 25. b4 {[%emt 0:01:20]} Rf7 {[%emt 0:05:02]} 26. Rd5 {[%emt 0:01:32]} Rd7 {[%emt 0:01:54]} 27. Qxc6 {[%emt 0:02:10]} Rxc6 {[%emt 0:00:02]} 28. Rhd1 {[%emt 0:00:36]} Rxd5 {[%emt 0:02:22]} 29. Rxd5 {[%emt 0:00:13]} Rf6 {[%emt 0:04:20]} 30. Rxe5+ {[%emt 0:04:49]} Kf7 {[%emt 0:00:01]} 31. Rc5 {[%emt 0:00:59]} Rf1+ {[%emt 0:00:30]} 32. Kc2 {[%emt 0:00:04]} Re1 {[%emt 0:02:50]} 33. Kd2 {[%emt 0:00:28]} Ra1 {[%emt 0:02:15]} 34. Rc7+ {[%emt 0:00:05]} Kf8 {[%emt 0:00:21]} 35. Bc5+ {[%emt 0:00:07]} Kg8 {[%emt 0:00:10]} 36. Rxg7+ {[%emt 0:00:06]} Kxg7 {[%emt 0:00:04]} 37. Bd4+ {[%emt 0:00:08]} 1-0

[Event "35th European Club Cup 2019"]
[Site "Ulcinj"]
[Date "2019.11.12"]
[Round "3.5"]
[White "Vucinic, Gojko"]
[Black "Kobalia, Mikhail"]
[Result "0-1"]
[WhiteElo "2384"]
[BlackElo "2608"]
[Annotator "ChessBase"]
[PlyCount "68"]
[EventDate "2019.11.10"]
[EventType "team-tourn"]
[EventCountry "MNE"]
[SourceTitle "playchess.com"]
[Source "ChessBase"]
[SourceQuality "1"]
[WhiteTeam "Itaka"]
[BlackTeam "Moscow Chess Team"]
[TimeControl "40/5400+30:1800+30"]

1. e4 {[%emt 0:00:00]} c6 {[%emt 0:00:00]} 2. d4 {[%emt 0:00:00]} d5 {[%emt 0:00:00]} 3. e5 {[%emt 0:00:00]} Bf5 {[%emt 0:00:00]} 4. h4 {[%emt 0:00:00]} h5 {[%emt 0:00:42]} 5. Bd3 {[%emt 0:00:00]} Bxd3 {[%emt 0:00:21]} 6. Qxd3 {[%emt 0:00:01]} Qa5+ {[%emt 0:00:26]} 7. Nd2 {[%emt 0:00:52]} e6 {[%emt 0:00:12]} 8. Ngf3 {[%emt 0:01:02]} Nh6 {[%emt 0:00:20]} 9. O-O {[%emt 0:01:37]} Nf5 {[%emt 0:00:15]} 10. c4 {[%emt 0:01:07]} Be7 {[%emt 0:00:29]} 11. g3 {[%emt 0:00:05]} O-O {[%emt 0:00:43]} 12. b3 {[%emt 0:07:33]} Rd8 {[%emt 0:01:46]} 13. Bb2 {[%emt 0:05:47]} c5 {[%emt 0:01:13]} 14. Qe2 {[%emt 0:01:04]} cxd4 {[%emt 0:15:16]} 15. Nxd4 {[%emt 0:01:48]} Nxd4 {[%emt 0:02:03]} 16. Bxd4 {[%emt 0:00:05]} Nc6 {[%emt 0:00:09]} 17. Bb2 {[%emt 0:01:19]} d4 {[%emt 0:34:39]} 18. Nf3 {[%emt 0:00:53]} d3 {[%emt 0:00:19]} 19. Qe4 {[%emt 0:00:32]} Rd7 {[%emt 0:00:05]} 20. Rfd1 {[%emt 0:02:51]} Rad8 {[%emt 0:00:06]} 21. a3 {[%emt 0:00:47]} Qa6 {[%emt 0:00:40]} 22. b4 {[%emt 0:07:35]} Qa4 {[%emt 0:00:37]} 23. Rd2 {[%emt 0:00:35]} a5 {[%emt 0:00:59]} 24. b5 {[%emt 0:01:36]} Na7 {[%emt 0:01:14]} 25. Rc1 {[%emt 0:04:24]} Nxb5 {[%emt 0:01:10]} 26. Rcd1 {[%emt 0:04:46]} Nxa3 {[%emt 0:03:11]} 27. Rxd3 {[%emt 0:03:20]} Rxd3 {[%emt 0:01:26]} 28. Rxd3 {[%emt 0:00:06]} Rxd3 {[%emt 0:00:07]} 29. Qxd3 {[%emt 0:00:06]} Nxc4 {[%emt 0:00:16]} 30. Bc1 {[%emt 0:00:35]} Qc6 {[%emt 0:03:20]} 31. Bg5 {[%emt 0:00:35]} Bf8 {[%emt 0:00:26]} 32. Qd8 {[%emt 0:01:40]} Qxf3 {[%emt 0:00:41]} 33. Be7 {[%emt 0:00:05]} Kh7 {[%emt 0:04:19]} 34. Qxf8 {[%emt 0:00:53]} Nxe5 {[%emt 0:00:48]} 0-1